000 00682 a2200217 4500
010 _aENG-89604
020 _a8181574109
_c350.00
035 _aEN-73137
037 _bDBAD / PUB
082 1 4 _a808.883
090 _c11328
_d11328
100 1 _aChenulu, V.C.V
245 1 _aDown memory lane /
_cby V.C.V. Chenulu
260 _aKolkata
_bWriters Workshop
_c2005
270 _a162/92, Lake Gardens,
_bKolkata
_e700 045
300 _a242p.
_c22 cm ( Hb.)
490 _a A Writers Workshop greybird book
500 _aIncludes glossary
942 _adpl
_cEN
_k808.883 / CHE
999 _c11021
_d11021